000 00403nam a2200145Ia 4500
008 260514s2025 xx 000 0 und d
041 _aeng
082 _bM-3792
100 _aDR.PRASHANT PINGALE
245 _aMOLECULAR PHARMACEUTICS NANOTECH AND TARGETED
260 _aKINGDOM
_bWILEY
_SONS LTD
_c2025
300 _aP.B./418
650 _aMOLECULAR PHARMACEUTICS
700 _aDR.AMATJITSING RAJPUT
999 _c1221647
_d1221647